000 00384 a2200169 4500
001 188555
020 _a978-85-7472-913-8
040 _cMagnum
100 _aBraz, Emílio Júlio
240 1 0 _aÀ procura de um emprego
_lpor
245 1 0 _aÀ procura de um emprego
300 _a31
362 0 _a2008
440 1 _aPositivo
697 _aLITERATURA INFANTO-JUVENIL
942 _cBK
999 _c188555
_d188555